[Event "Central-SRB chT 2018"]
[Site "Kragujevac"]
[Date "2018.09.19"]
[Round "8"]
[White "Novoselski, Zoran"]
[Black "Blesic, Vaso"]
[Result "1-0"]
[WhiteElo "2356"]
[BlackElo "2373"]
[Annotator "TA"]
[PlyCount "83"]
[EventDate "2018.09.14"]
[EventType "team-tourn"]
[EventCountry "SRB"]
[SourceTitle "playchess.com"]
[Source "ChessBase"]
[SourceQuality "1"]

{[%evp 15,83,6,4,15,19,-9,-6,-33,-29,-58,-58,-65,-38,-64,-64,-81,-73,-71,-64,-161,-161,-149,-150,-153,-155,-165,-169,-168,-146,-139,-145,-183,-186,-181,-169,-160,-166,-304,-162,-236,-233,-206,-144,-142,-110,-116,-124,-130,-108,-140,-139,-120,-106,-203,-101,-429,-88,-420,-422,-556,-558,-546,-545,-754,-754,-618,-502,-485,-463,-379]} 1. e4 c6 2. d4 d5 3. e5 Bf5 4. h4 Qa5+ (4... h5 5. Bd3 Bxd3 6. Qxd3 Qa5+ 7. Nd2 e6 8. Ne2 Ne7 9. O-O Nf5 10. Nf3 Qa6 11. Qd1 Be7 12. g3 c5 {½-½ (67) Nakamura,H (2787)-Artemiev,V (2697) Moscow 2018}) 5. Nc3 h5 6. Bd3 {B12: Caro-Kann: Advance Variation} Bxd3 7. Qxd3 e6 8. Bg5 $146 ({Predecessor:} 8. Nf3 Qa6 9. Qd2 Nh6 10. Ne2 Nf5 11. Ng3 Nxg3 12. fxg3 {½-½ (36) Kovacevic,A (2490)-Ratkovic,M (2407) Ruma 2017}) 8... Qa6 {LiveBook: 4 Games} 9. Qxa6 Nxa6 10. Nge2 f6 11. exf6 gxf6 12. Bf4 Ne7 13. a3 Ng6 14. b4 Kd7 15. Be3 Nc7 16. Na4 b6 17. Nf4 ({Better is} 17. Kd2 $15) 17... Nxf4 $19 18. Bxf4 Nb5 19. c3 Rg8 20. Kf1 Bd6 21. Bxd6 Nxd6 22. Nb2 a5 23. Rc1 axb4 24. axb4 Ne4 25. Rh3 Ra2 26. Nd1 (26. Nd3 $142) 26... Rga8 (26... f5 $142 27. Kg1 f4) 27. Re3 (27. Ke1 {might work better.}) 27... Rd2 28. Re2 Raa2 29. Rxd2 Rxd2 $17 {[%mdl 4096] Endgame KRN-KRN} 30. Ra1 Kd6 31. Ke1 Rc2 32. Ra3 e5 33. dxe5+ fxe5 34. Ra7 (34. Ra8 $17 {was called for.}) 34... Nxc3 (34... d4 $1 $19 35. cxd4 exd4) 35. Ne3 $2 {[%mdl 8192] [#]} (35. Nxc3 $17 Rxc3 36. Rh7) 35... Re2+ $1 $19 36. Kf1 {[#]} d4 $1 37. Ra3 {aiming for Nc4+.Black is clearly winning.} dxe3 38. Rxc3 Rxf2+ 39. Kg1 Rf4 40. Rxe3 Rxh4 41. Rb3 Kd5 42. Rb1 {[%mdl 32768] Precision: White = 36%, Black = 76%. . Loss on Time!?} 1-0

[Event "Central-SRB chT 2018"]
[Site "Kragujevac"]
[Date "2018.09.19"]
[Round "8"]
[White "Mladenovic, Stefan"]
[Black "Radovanovic, Mihajlo"]
[Result "0-1"]
[WhiteElo "2355"]
[BlackElo "2427"]
[Annotator "TA"]
[PlyCount "76"]
[EventDate "2018.09.14"]
[EventType "team-tourn"]
[EventCountry "SRB"]
[SourceTitle "playchess.com"]
[Source "ChessBase"]
[SourceQuality "1"]

{[%evp 20,76,17,-6,27,16,19,32,28,1,29,-15,36,-44,8,0,95,79,68,-83,-80,-96,-76,-391,-343,-487,-505,-491,-424,-622,-453,-450,-346,-306,-329,-313,-261,-689,-681,-668,-672,-618,-558,-487,0,0,0,-712,-728,-739,-689,-689,-691,-680,-587,-550,-530,-29987,-29988]} 1. d4 d6 2. Nf3 g6 3. Bf4 Bg7 4. e3 Nd7 5. h3 e5 6. Bh2 Nh6 {A41: 1 d4 d6: Tartakower System and Modern Defence} (6... Ne7 7. Be2 O-O 8. O-O b6 9. c4 Bb7 10. Nc3 h6 11. Rc1 g5 12. b4 Ng6 13. dxe5 dxe5 14. Qc2 a5 {½-½ (56) Grachev,B (2654)-Fedoseev,V (2731) Sochi 2017}) 7. Be2 O-O 8. c4 Qe7 9. Nc3 c6 10. O-O f5 11. b4 {[%cal Bb2b4,Bb4b5][%mdl 32] LiveBook: 3 Games} Nf7 12. b5 c5 $146 ({Predecessor:} 12... g5 13. bxc6 bxc6 14. Qc2 Nf6 15. c5 e4 16. cxd6 Nxd6 17. Ne5 Bd7 18. Na4 Rac8 19. Qc5 Nd5 20. Nxd7 {1-0 (20) Alvarez Fernandez,E (2267)-Sierra Canosa,F (2103) Trevias 2006}) 13. dxe5 dxe5 14. Qb3 Nf6 15. Rfd1 g5 (15... e4 $11 16. Ne1 Be6) 16. Rd2 (16. a4 $1 $14) 16... h5 (16... e4 $15 17. Ne1 f4) 17. Rad1 $11 g4 (17... Re8 $11) 18. hxg4 hxg4 19. Ne1 $2 (19. Nh4 $14 {was the only good move.}) 19... Ne4 $17 20. Nxe4 fxe4 21. f3 $2 {[%mdl 8192]} (21. a4 $17 {is more resistant.}) 21... gxf3 $19 22. gxf3 (22. Nxf3 $142 exf3 23. Bxf3) 22... Ng5 23. f4 Nh3+ 24. Kg2 (24. Kh1 $142 Nf2+ 25. Kg1 exf4 26. exf4 Nxd1 27. Bxd1) 24... Qh4 25. Bg3 Qh6 26. Rd6 Qh7 27. R1d5 {[#]} Ng5 $1 {[%mdl 512] ...Qh3+ is the strong threat.} 28. Rxc5 $2 (28. Kg1 Nf7 29. fxe5) (28. fxg5 Qh3+) 28... Qh3+ 29. Kf2 Qh1 {[%cal Rg5h3]} 30. Bf1 {White wants to play Bg2.} exf4 31. Bxf4 Nh3+ $2 (31... Qh2+ $19 32. Ng2 Nh3+ 33. Ke1 Qg1) 32. Bxh3 $1 $11 Bxh3 33. Ke2 $2 {[%mdl 8192]} (33. Rg5 $11 Qf1+ 34. Kg3) 33... Qf1+ $19 34. Kd1 Bg4+ 35. Kc2 {[#] aiming for Rg5.} Rxf4 ({Weaker is} 35... Qxe1 36. Rg5 $17) 36. exf4 {Black must now prevent Qg3.} Qf2+ ({Not} 36... Qxe1 37. Rg5 $15) 37. Rd2 Qxc5 38. Rg2 Rd8 {Precision: White = 32%, Black = 57%.} 0-1

[Event "Central-SRB chT 2018"]
[Site "Kragujevac"]
[Date "2018.09.19"]
[Round "8"]
[White "Nestorovic, Lazar"]
[Black "Radovic, Janko"]
[Result "1/2-1/2"]
[WhiteElo "2353"]
[BlackElo "2405"]
[Annotator "TA"]
[PlyCount "50"]
[EventDate "2018.09.14"]
[EventType "team-tourn"]
[EventCountry "SRB"]
[SourceTitle "playchess.com"]
[Source "ChessBase"]
[SourceQuality "1"]

{[%evp 21,50,0,6,-13,-18,-18,-25,-19,12,-33,-34,-32,-40,-39,-53,-61,0,0,8,0,27,0,0,0,0,0,0,0,0,0,0]} 1. e4 c5 2. Nf3 Nc6 3. d4 cxd4 4. Nxd4 g6 5. Nc3 Bg7 6. Nb3 Nf6 7. Bg5 d6 8. Qd2 O-O 9. Be2 {B70: Sicilian Dragon: 6 g3 and 6 Be2 (without a later Be3)} (9. Bh6 Bxh6 10. Qxh6 a5 11. a4 Be6 12. Bb5 Rc8 13. Rd1 Nb4 14. Nd4 Bc4 15. Bxc4 Rxc4 16. O-O Qb6 {1-0 (32) Ponomariov,R (2719)-Golubev,M (2474) Odessa 2008}) 9... Be6 10. Rd1 Rc8 11. O-O Ne5 {LiveBook: 7 Games} 12. Kh1 $146 ({Predecessor:} 12. Qe3 a5 13. h3 Qc7 14. Nd2 Rfd8 15. f4 {½-½ (15) Piscopo,P (2405)-Leon Hoyos,M (2527) Perugia 2009}) 12... Nc4 13. Bxc4 $1 Bxc4 14. Rfe1 Qc7 15. Bh6 Bxh6 16. Qxh6 b5 {[%cal Bb7b5,Bb5b4][%mdl 32]} 17. Rd2 b4 18. Nd1 Bxb3 ({Better is} 18... d5 $1 $15 19. exd5 Nxd5) 19. axb3 $11 Qa5 20. f3 Qa1 21. Qh4 Rc5 {The position is equal.} 22. e5 Rxe5 23. Rxe5 dxe5 24. Qxb4 Qc1 25. c4 e4 {Precision: White = 52%, Black = 64%.} 1/2-1/2

[Event "Central-SRB chT 2018"]
[Site "Kragujevac"]
[Date "2018.09.19"]
[Round "8"]
[White "Markovic, Zoran S"]
[Black "Jesic, Dusan"]
[Result "1/2-1/2"]
[WhiteElo "2346"]
[BlackElo "2322"]
[Annotator "NA"]
[PlyCount "70"]
[EventDate "2018.09.14"]
[EventType "team-tourn"]
[EventCountry "SRB"]
[SourceTitle "playchess.com"]
[Source "ChessBase"]
[SourceQuality "1"]
[TimeControl "40/5400+30:1800+30"]

{[%evp 8,66,27,27,29,19,21,6,26,30,47,53,40,6,39,17,22,12,31,33,53,37,20,46,44,32767,54,9,54,29,37,32767,32767,25,76,76,32767,32767,32767,32767,32767,32767,32767,32767,32767,160,932,145,134,137,137,61,65,56,52,25,37,18,7,12,0]} 1. e4 {[%emt 0:00:00]} c5 {[%emt 0:00:00]} 2. Nf3 {[%emt 0:00:00]} d6 {[%emt 0:00:00]} 3. d4 {[%emt 0:00:00]} cxd4 {[%emt 0:00:00]} 4. Nxd4 {[%emt 0:00:06]} Nf6 {[%emt 0:00:00]} 5. Nc3 {[%emt 0:00:05]} a6 {[%emt 0:00:04]} 6. Be2 {[%emt 0:00:06]} e5 {[%emt 0:00:08]} 7. Nb3 {[%emt 0:00:11]} Be6 {[%emt 0:00:09]} 8. f4 {[%emt 0:00:49]} exf4 {[%emt 0:09:06]} 9. Bxf4 {[%emt 0:00:55]} Nc6 {[%emt 0:00:18]} 10. O-O {[%emt 0:00:56]} (10. Qd3 $14) 10... Be7 {[%emt 0:00:10]} 11. Kh1 {[%emt 0:00:52]} O-O {[%emt 0:00:11]} 12. Qe1 {[%emt 0:02:40] LiveBook: 87 Games} Qb6 {[%emt 0:07:45] B92: Sicilian Najdorf: 6 Be2} (12... d5 13. exd5 Nxd5 14. Rd1 Bb4 15. Bf3 Nce7 16. Be5 Bxc3 17. Bxc3 Qc7 18. Be5 Qxc2 19. Be4 Qc8 20. Qg3 {0-1 (35) Jakovenko,D (2736)-Naiditsch,A (2689) Moscow 2009}) 13. Rd1 {[%emt 0:11:06]} Rfd8 {[%emt 0:15:22]} 14. Nd5 $146 {[%emt 0:06:41]} ({Predecessor:} 14. Qg3 Ne8 15. Be3 Qc7 16. Qf2 Rdc8 17. Na4 Rab8 18. Nb6 Rd8 19. c3 Ne5 20. Nd5 Bxd5 21. Rxd5 {1-0 (37) Panarin,M (2486)-Barsamian,E (1999) Sochi 2005}) 14... Bxd5 $1 {[%emt 0:01:56]} 15. exd5 {[%emt 0:00:06]} Ne5 {[%emt 0:03:39]} 16. c4 {[%emt 0:07:13]} Ng6 {[%emt 0:05:12]} 17. Bd3 {[%emt 0:15:02]} (17. Bd2 $5 {[%cal Rd2a5]}) 17... Re8 {[%emt 0:05:27]} 18. Be3 {[%emt 0:08:48]} Qc7 {[%emt 0:05:06]} 19. Bd4 {[%emt 0:07:14]} Nd7 {[%emt 0:03:14]} 20. Qg3 {[%emt 0:06:01]} Nge5 {[%emt 0:07:22] [#]} 21. Bxh7+ $1 {[%emt 0:07:26]} Kxh7 {[%emt 0:02:21]} 22. Rxf7 {[%emt 0:00:28]} Bf8 {[%emt 0:02:39]} 23. Bxe5 {[%emt 0:00:38]} Rxe5 {[%emt 0:00:47]} 24. Qh3+ {[%emt 0:00:30]} Kg8 {[%emt 0:00:17]} 25. Qxd7 {[%emt 0:02:43]} Qxc4 {[%emt 0:00:29]} 26. Qxb7 {[%emt 0:05:37]} Qg4 $2 {[%emt 0:13:05]} (26... Rae8 $16 27. Rff1 R8e7) 27. Rff1 $2 {[%emt 0:01:43]} (27. Rf3 $18 {und der Rest ist Schweigen.} Re3 28. h3 (28. Qxa8 Rxf3 29. Rg1 Rf2 $14)) 27... Re2 {[%emt 0:00:22]} 28. Qf7+ {[%emt 0:00:41]} Kh8 {[%emt 0:00:52]} 29. Qf3 {[%emt 0:00:30]} (29. Rg1 $16) 29... Qxf3 {[%emt 0:00:09]} 30. Rxf3 {[%emt 0:00:21]} Rxb2 {[%emt 0:00:07]} 31. a3 {[%emt 0:01:52]} Rc8 {[%emt 0:07:11]} 32. h3 Be7 {[%emt 0:00:12]} 33. Nd4 {[%emt 0:04:28]} Bf6 $11 {[%emt 0:00:39]} 34. Nf5 {[%emt 0:06:09]} Rcc2 {[%emt 0:00:46]} 35. Ne3 {[%emt 0:01:30]} Rc3 {[%emt 0:04:32]} 1/2-1/2

[Event "Central-SRB chT 2018"]
[Site "Kragujevac"]
[Date "2018.09.19"]
[Round "8"]
[White "Radovanovic, Jovica"]
[Black "Stankovic, Milos"]
[Result "0-1"]
[WhiteElo "2322"]
[BlackElo "2443"]
[Annotator "TA"]
[PlyCount "82"]
[EventDate "2018.09.14"]
[EventType "team-tourn"]
[EventCountry "SRB"]
[SourceTitle "playchess.com"]
[Source "ChessBase"]
[SourceQuality "1"]

{[%evp 32,82,83,79,76,35,27,0,0,0,0,-9,-4,0,10,8,10,14,8,10,32,0,0,0,0,0,-1,-4,0,-73,-72,-81,-74,-70,160,-67,-56,-61,-64,-87,-87,-87,-90,-77,-71,-82,-82,-196,-182,-169,-172,-637,-627]} 1. d4 {Ftacnik,L} Nf6 2. c4 g6 3. Nf3 Bg7 4. g3 d5 5. cxd5 Nxd5 6. Bg2 Nb6 7. O-O Nc6 8. e3 {[%cal Be2e3,Be3e4][%mdl 32]} O-O 9. Nc3 Re8 10. Re1 e5 11. d5 Na5 12. e4 c6 {D76: Fianchetto Grünfeld: Main Line with 7...Nb6} 13. b3 cxd5 14. exd5 Bg4 15. Ba3 e4 16. Nxe4 Qxd5 17. Qxd5 {LiveBook: 9 Games} Nxd5 {[#]} 18. Nd6 $146 ({Predecessor:} 18. Rac1 Nc6 19. Nd6 Rxe1+ 20. Rxe1 {1-0 (37) Wang,H (2715)-Evdokimov,A (2564) Dagomys 2010 CBM 136 [Ftacnik,L]}) 18... Bxa1 19. Rxe8+ (19. Rxa1 {looks sharper.} Re2 20. Nd4 Re5 21. f3 Be6 22. f4) 19... Rxe8 20. Nxe8 Bd7 21. Nd6 Nc3 22. Ng5 f6 23. Nge4 Nxa2 24. b4 Nb3 25. Nxb7 Nac1 26. Nec5 Nxc5 27. bxc5 Ne2+ 28. Kf1 Nd4 29. Bd5+ Kg7 30. Na5 (30. Nd8 $11) 30... Bc3 $17 31. Nc4 {[#]} Bb5 $1 32. Kg2 Nc2 $2 (32... f5 $15 {stays ahead.}) 33. Bc1 $2 ({White must play} 33. c6 $16) 33... Nb4 $1 $15 {[%cal Rb4d5]} 34. Nd6 Bd7 $1 35. Bb7 Bd4 36. Be3 Bxe3 37. fxe3 a5 {[%cal Ba7a5,Ba5a4][%mdl 32]} 38. Nc4 a4 39. Kf3 (39. e4 $17) 39... Be6 $19 40. Na3 {[#]} Nd3 $1 41. Bc6 $2 (41. e4 Nxc5 42. Bd5) 41... Ne5+ {Precision: White = 28%, Black = 71%.} 0-1

[Event "Central-SRB chT 2018"]
[Site "Kragujevac"]
[Date "2018.09.19"]
[Round "8"]
[White "Rajkovic, Dusan"]
[Black "Perunovic, Miodrag"]
[Result "0-1"]
[WhiteElo "2322"]
[BlackElo "2433"]
[Annotator "TA"]
[PlyCount "82"]
[EventDate "2018.09.14"]
[EventType "team-tourn"]
[EventCountry "SRB"]
[SourceTitle "playchess.com"]
[Source "ChessBase"]
[SourceQuality "1"]

{[%evp 22,82,0,2,0,11,7,-38,-24,-59,-10,-25,5,-4,20,4,20,25,24,14,11,14,30,8,11,-59,0,0,0,0,0,0,0,0,0,0,0,0,0,0,8,0,0,-138,-143,-155,-131,-264,-264,-321,-321,-306,-295,-281,-264,-264,-264,-264,-264,-264,-264,-293,-293]} 1. d4 Nf6 2. c4 e6 3. Nf3 b6 4. g3 Ba6 5. Nbd2 Bb4 6. Qc2 O-O 7. Bg2 d5 8. O-O c5 9. dxc5 Bxc5 10. a3 {E15: Queen's Indian: 4 g3 sidelines, 4 g3 Ba6 and 4 g3 Bb7 early deviations} (10. cxd5 exd5 11. Nb3 Nbd7 12. Nxc5 bxc5 13. Rd1 d4 14. b4 Rc8 15. bxc5 Nxc5 16. Rxd4 Qb6 17. Qb2 Qxb2 18. Bxb2 Bxe2 {½-½ (139) Moiseenko,A (2711)-Efimenko,Z (2651) Kiev 2013}) 10... Nbd7 11. Qa4 Bb7 12. b4 {LiveBook: 3 Games. The position is equal.} Bd6 13. Bb2 a5 {[#]} 14. bxa5 $146 ({Predecessor:} 14. Qb3 Qe7 15. Rab1 axb4 16. axb4 Rac8 17. Rfd1 Rfd8 18. Ba1 dxc4 {½-½ (18) Bagaturov,G (2501)-Tukmakov,V (2574) Arco 2000}) 14... Rxa5 15. Qb3 Qe7 16. Nd4 Nc5 17. Qc2 Na4 18. Nb5 $1 Bb8 19. Nb3 Ra8 20. Bxf6 Qxf6 21. cxd5 {Strongly threatening d6.} Be5 22. Rac1 exd5 23. Rfd1 (23. Qd2 $11) 23... Nb2 (23... Bb2 $1 $15 24. Nc7 Bxc1 25. Nxa8 Bxa3) 24. Rd2 $11 {Threatens to win with f4.} Nc4 25. Rd3 Rac8 {Hoping for ...Nb2.} 26. Qb1 Rfd8 27. N3d4 Bxd4 28. Nxd4 Nxa3 29. Rxa3 Qxd4 30. Rd1 Qf6 31. Rb3 Rd6 32. e4 {[#]} (32. Rb2 $11) 32... dxe4 $1 $17 33. Rxd6 Qxd6 34. Rxb6 {[#]} (34. Bf1 $17 e3 35. Rxe3) 34... Qd2 $1 $19 {Black has a decisive advantage.} 35. Bf1 Rc2 36. Qxc2 Qxc2 37. Rxb7 {Intending Rb8+ and mate. KQ-KRB} f5 {[%cal Bf7f5,Bf5f4][%mdl 32]} 38. h4 g6 39. Ra7 Qc1 40. Ra2 Kg7 41. Kg2 f4 {Precision: White = 49%, Black = 53%.} 0-1

[Event "Central-SRB chT 2018"]
[Site "Kragujevac"]
[Date "2018.09.19"]
[Round "8"]
[White "Rajkovic, Mladen"]
[Black "Dimitrijevic, Nenad"]
[Result "1-0"]
[WhiteElo "2304"]
[BlackElo "2216"]
[Annotator "TA"]
[PlyCount "147"]
[EventDate "2018.09.14"]
[EventType "team-tourn"]
[EventCountry "SRB"]
[SourceTitle "playchess.com"]
[Source "ChessBase"]
[SourceQuality "1"]

{[%evp 16,147,39,29,22,20,7,0,0,0,29,30,41,31,29,25,54,44,47,54,97,69,82,61,47,43,55,42,92,89,92,95,87,87,87,93,88,80,68,54,62,68,66,70,67,0,0,0,0,0,50,39,110,135,214,207,214,214,214,203,194,211,196,189,165,20,20,20,34,0,0,0,33,8,22,12,87,83,174,183,169,88,88,88,88,88,88,88,88,88,88,88,88,14,14,8,8,8,8,8,88,88,88,88,88,88,1235,1238,29969,29969,29973,29973,29973,29974,29977,29977,29979,29980,29980,29980,29983,29984,29984,29985,29985,29986,29986,29987,29987,29988,29988,29989,29989,29990]} 1. e4 c5 2. Nf3 Nc6 3. d4 cxd4 4. Nxd4 e5 5. Nb5 a6 6. Nd6+ Bxd6 7. Qxd6 Qe7 8. Qd2 {B32: Sicilian: Löwenthal and Kalashnikov Variations} (8. Qd1 Nf6 9. Nc3 d6 10. Bg5 Be6 11. Nd5 Bxd5 12. exd5 Nb8 13. Qf3 Nbd7 14. O-O-O h6 15. Be3 h5 16. h3 O-O-O 17. Ba7 Nc5 {1-0 (80) Yu,Y (2759)-Li,C (2725) Ningbo 2018}) 8... Nf6 9. f3 {LiveBook: 4 Games} d6 10. b3 {The position is equal.} O-O 11. Ba3 Rd8 12. c4 $146 ({Predecessor:} 12. Nc3 b5 13. Nd5 Nxd5 14. exd5 Nd4 15. Rc1 Bd7 {½-½ (79) Alikulov,E (2418)-Simonian,T (2265) Moscow 2015}) 12... Be6 13. Nc3 Qc7 14. Bd3 Qa5 15. Bb2 Rac8 16. Nd5 Qxd2+ 17. Kxd2 Bxd5 18. exd5 Ne7 19. f4 exf4 20. Rhf1 Nd7 21. Rae1 Re8 22. Rxf4 Ng6 23. Bxg6 hxg6 24. Rfe4 Rxe4 25. Rxe4 $16 {[%mdl 4096] Endgame KRB-KRN} Kf8 26. Bd4 b5 27. Kd3 bxc4+ 28. bxc4 Rb8 29. Re1 a5 30. h3 (30. Kc3 $14) 30... Rb4 $11 31. Kc3 Ra4 32. Re2 Ra3+ 33. Kb2 Rd3 (33... Rg3 $14) 34. Bc3 $16 Nb6 (34... a4 $16) 35. Kc2 $18 Rg3 36. Bxa5 Nxc4 37. Bb4 Ne3+ 38. Kc1 $1 Nf5 39. Kd2 g5 40. Rf2 (40. a4 $1 $18) 40... g6 $11 41. Re2 f6 42. Bc3 Ne7 43. Bb4 Nf5 44. Kc1 Kf7 45. a4 {Hoping for a5.} Rb3 (45... g4 $1 $11) 46. Rb2 $16 Rxb2 (46... Rd3 $16 {was necessary.}) 47. Kxb2 {KB-KN} Ke7 48. Kc3 (48. a5 $18 {a6 is the strong threat.} Kd7 49. Bc3) 48... Ne3 49. Kd4 Nc2+ 50. Kc4 $1 Ne3+ 51. Kb5 $1 {[%cal Rb5c6] Threatens to win with Kc6.} Nxd5 52. a5 {[%cal Ba4a5,Ba5a6][%mdl 32]} Kd7 53. a6 Kc7 54. Ba5+ ({White should try} 54. Bd2 $1 $16) 54... Kb8 $11 55. Bd8 {Strongly threatening Kc6.} Nf4 56. Bxf6 Nxg2 57. Bxg5 {next Kc6 is good for White.} Ne1 (57... Ka7 $11 {keeps the balance.}) 58. Kc6 $1 $16 Nf3 59. Be3 Nh4 {[#]} 60. Kd5 $1 Nf5 $2 {[%mdl 8192]} (60... Ng2 $16) 61. Bf2 $18 Kc7 62. Ke6 {White mates.} Ng7+ 63. Kf6 Nh5+ {[#]} 64. Kg5 $1 d5 65. h4 Kc6 66. Be3 Ng3 67. Kxg6 Nf1 68. Bf4 d4 69. h5 Ne3 70. h6 Nd5 71. h7 Nxf4+ 72. Kf5 Nd5 73. h8=Q d3 74. a7 {Precision: White = 62%, Black = 47%.} 1-0

[Event "Central-SRB chT 2018"]
[Site "Kragujevac"]
[Date "2018.09.19"]
[Round "8"]
[White "Pantelic, Sasa"]
[Black "Nestorovic, Dejan"]
[Result "1/2-1/2"]
[WhiteElo "2294"]
[BlackElo "2340"]
[Annotator "ChessBase"]
[PlyCount "59"]
[EventDate "2018.09.14"]
[EventType "team-tourn"]
[EventCountry "SRB"]
[SourceTitle "playchess.com"]
[Source "ChessBase"]
[SourceQuality "1"]
[TimeControl "40/5400+30:1800+30"]

1. d4 {[%emt 0:00:00]} Nf6 {[%emt 0:00:00]} 2. c4 {[%emt 0:00:00]} e6 {[%emt 0:00:00]} 3. Nf3 {[%emt 0:00:00]} Bb4+ {[%emt 0:00:06]} 4. Bd2 {[%emt 0:00:46]} Qe7 {[%emt 0:00:44]} 5. e3 {[%emt 0:00:15]} O-O {[%emt 0:06:18]} 6. Bd3 {[%emt 0:01:26]} d5 {[%emt 0:01:09]} 7. O-O {[%emt 0:01:21]} c5 {[%emt 0:06:16]} 8. Bxb4 {[%emt 0:09:03]} cxb4 {[%emt 0:00:17]} 9. Nbd2 {[%emt 0:00:23]} Nc6 {[%emt 0:03:30]} 10. Qc2 {[%emt 0:05:54]} dxc4 {[%emt 0:10:58]} 11. Nxc4 {[%emt 0:02:19]} Rd8 {[%emt 0:00:46]} 12. Nce5 {[%emt 0:08:15]} Bd7 {[%emt 0:18:26]} 13. Nxd7 {[%emt 0:33:23]} Rxd7 {[%emt 0:02:43]} 14. Rac1 {[%emt 0:03:51]} Rc7 {[%emt 0:06:00]} 15. Qc5 {[%emt 0:05:58]} Rac8 {[%emt 0:01:27]} 16. Qxe7 {[%emt 0:00:20]} Nxe7 {[%emt 0:00:28]} 17. Rxc7 {[%emt 0:00:06]} Rxc7 {[%emt 0:00:10]} 18. Rd1 {[%emt 0:00:48]} Ned5 {[%emt 0:12:48]} 19. g3 {[%emt 0:02:30]} Nb6 {[%emt 0:01:46]} 20. Nd2 {[%emt 0:03:08]} Na4 {[%emt 0:02:57]} 21. Rb1 {[%emt 0:00:23]} a6 {[%emt 0:00:42]} 22. Kf1 {[%emt 0:01:49]} b5 {[%emt 0:05:04]} 23. Ke1 {[%emt 0:00:43]} Kf8 {[%emt 0:05:44]} 24. Ne4 {[%emt 0:00:55]} Nxe4 {[%emt 0:05:53]} 25. Bxe4 {[%emt 0:00:06]} f5 {[%emt 0:00:56]} 26. Bd3 {[%emt 0:00:12]} Ke7 {[%emt 0:00:07]} 27. Kd2 {[%emt 0:00:10]} Kd6 {[%emt 0:00:14]} 28. Bc2 {[%emt 0:09:57]} Nb6 {[%emt 0:00:35]} 29. Bd3 {[%emt 0:00:21]} Na4 {[%emt 0:01:51]} 30. Bc2 {[%emt 0:00:19] Ke5} 1/2-1/2

[Event "Central-SRB chT 2018"]
[Site "Kragujevac"]
[Date "2018.09.19"]
[Round "8"]
[White "Todorovic, Nenad I"]
[Black "Mijailovic, Zoran"]
[Result "1/2-1/2"]
[WhiteElo "2291"]
[BlackElo "2400"]
[Annotator "TA"]
[PlyCount "52"]
[EventDate "2018.09.14"]
[EventType "team-tourn"]
[EventCountry "SRB"]
[SourceTitle "playchess.com"]
[Source "ChessBase"]
[SourceQuality "1"]

{[%evp 25,52,0,-1,0,0,0,0,0,9,0,0,0,0,0,0,0,0,0,0,0,7,0,0,0,0,0,4,4,4]} 1. e4 e6 2. d4 d5 3. Nd2 c5 4. exd5 Qxd5 5. Ngf3 cxd4 6. Bc4 Qd6 7. Qe2 Nf6 8. Nb3 Nc6 9. Bg5 Qb4+ {C07: Französische Verteidigung (Tarrasch-Variante)} (9... a6 10. O-O-O b5 11. Bd3 Bb7 12. Nbxd4 Nxd4 13. Nxd4 Qd5 14. Bxf6 gxf6 15. Nxb5 Qxa2 16. Nc7+ Ke7 17. Qh5 Bh6+ 18. Qxh6 Qa1+ 19. Kd2 {0-1 (37) Karpatchev,A (2469)-Malakhatko,V (2499) Lueneburg 2018}) 10. Bd2 Qb6 11. O-O-O Bd7 12. Bg5 Bc5 13. Ne5 Nxe5 {LiveBook: 8 Partien. Die Stellung ist ausgeglichen.} 14. Qxe5 Bd6 15. Qxd4 Qxd4 16. Nxd4 O-O-O 17. h3 $146 ({Vorgänger:} 17. Rhe1) 17... Bc5 18. Rhe1 Ba4 19. Be3 $1 Nd5 20. Bxd5 Rxd5 21. b3 $36 {[%mdl 2048] Schwarz steht unter Druck.} Bd7 22. c4 Rd6 23. Nc2 Rxd1+ 24. Rxd1 Bxe3+ 25. Nxe3 Bc6 26. Kc2 Rd8 1/2-1/2

[Event "Central-SRB chT 2018"]
[Site "Kragujevac"]
[Date "2018.09.19"]
[Round "8"]
[White "Ignjatovic, Predrag"]
[Black "Dimitrijevic, Radmilo"]
[Result "0-1"]
[WhiteElo "2246"]
[BlackElo "2247"]
[Annotator "TA"]
[PlyCount "97"]
[EventDate "2018.09.14"]
[EventType "team-tourn"]
[EventCountry "SRB"]
[SourceTitle "playchess.com"]
[Source "ChessBase"]
[SourceQuality "1"]

{[%evp 17,97,14,33,17,46,18,39,0,0,0,-12,-8,0,-100,-109,-88,-90,-94,-97,-113,-41,-39,-60,-60,0,-111,-102,-106,-109,-106,-106,-106,-109,-114,-107,-114,-106,-127,-118,-212,-212,-202,-210,-268,-272,-289,-285,-288,-285,-296,-297,-300,-286,-303,-289,-365,-367,-335,-333,-404,-391,-492,-470,-617,-582,-617,-605,-615,-596,-576,-544,-643,-616,-687,-607,-960,-1210,-1062,-967,-1474,-1373,-1684]} 1. e4 c5 2. Nc3 e6 3. Nge2 Nc6 4. g3 d5 5. exd5 exd5 6. Bg2 Nf6 7. d4 cxd4 8. Nxd4 Be7 {[%cal Bf8e7,Be7b4,Bb4c3][%mdl 32]} 9. O-O O-O 10. Be3 {B24: Closed Sicilian: 3 g3 sidelines} a6 11. h3 h6 12. Qd2 $146 {White is slightly better.} ({Predecessor:} 12. Nxc6 bxc6 13. Na4 Rb8 14. b3 Bf5 15. Qe2 {0-1 (66) Cabrera,A (2440)-Gelfand,B (2701) Moscow 2001}) 12... Ne5 13. b3 Bb4 {Threatens to win with ...Qa5.} 14. f4 Qc7 15. fxe5 (15. Nde2 $11 {was the only way to keep the balance.} Nc6 16. a3 Bxc3 17. Qxc3 (17. Nxc3 Rd8 $11)) 15... Bxc3 $17 16. Qd3 Ne4 17. Rad1 Nxg3 18. Rf2 {[#]} Ne4 (18... Be6 $1 $17 19. Bf4 Bxd4 20. Qxd4 Nf5) 19. Bxe4 $15 dxe4 20. Qxe4 Bxh3 (20... Re8 $15 21. Rd3 Bxh3) 21. Rh2 (21. Qh4 $11 {keeps the balance.} Qc8 22. e6 Bxd4 23. exf7+ Rxf7 24. Rxd4) 21... Qd7 $36 {[%mdl 2048] Black is really pushing.} 22. Rd3 {[#]} Bxd4 $1 23. Rxd4 Qf5 24. Qxf5 Bxf5 25. Rd6 Rfe8 26. Bd4 Re6 27. Rd5 Rg6+ 28. Kf2 (28. Kf1 $17) 28... Bxc2 $19 29. Rd7 Be4 30. Ke3 Bc6 31. Rd6 Rxd6 32. exd6 {[%mdl 4096] Endgame KRB-KRB} Re8+ 33. Kd3 Re6 34. Bc5 f5 35. Kc3 Kf7 36. Kb4 b6 37. Bxb6 Rxd6 38. Kc5 Re6 39. Bc7 g5 {Black is clearly winning.} 40. Bd6 Be4 41. a4 f4 {[%cal Bf5f4,Bf4f3][%mdl 32]} 42. b4 f3 43. Bg3 Kg6 44. b5 axb5 45. axb5 h5 {[%cal Bh6h5,Bh5h4][%mdl 32]} 46. Rd2 h4 47. Bf2 Kh5 48. b6 g4 49. Kd4 {Precision: White = 28%, Black = 82%.} 0-1